000
00327cam a2200133ua 4500
041
_a
eng
_h
082
_a
928.23
_b
MUI/AU
100
_a
Muir, Edwin .
245
_a
Autobiography /
_c
Edwin Muir.
_h
Textual Documents
260
_a
London :
_b
The Hograth Press ,
_c
1964.
300
_a
288 ; .
942
_c
BK
999
_c
6337
_d
6337